The brotherhood of angels and men
| Main Author: | |
|---|---|
| Format: | Print Book |
| Language: | English |
| Subito Delivery Service: | Order now. |
| Check availability: | HBZ Gateway |
| Book acquisition: | Drawer...
|
| Interlibrary Loan: | Interlibrary Loan for the Fachinformationsdienste (Specialized Information Services in Germany) |
| Published: |
Wheaton
Quest Books
2021
|
| In: | Year: 2021 |
| Further subjects: | B
Theosophy
B Angels |
| Online Access: |
Table of Contents |
MARC
| LEADER | 00000cam a22000002c 4500 | ||
|---|---|---|---|
| 001 | 1774692554 | ||
| 003 | DE-627 | ||
| 005 | 20251226195416.0 | ||
| 007 | tu | ||
| 008 | 211021s2021 xx ||||| 00| ||eng c | ||
| 016 | 7 | |a GBC1E0527 |2 UK | |
| 020 | |a 9780835609517 |c pbk. |9 978-0-8356-0951-7 | ||
| 035 | |a (DE-627)1774692554 | ||
| 035 | |a (DE-599)KXP1774692554 | ||
| 035 | |a (Uk)020306058 | ||
| 040 | |a DE-627 |b ger |c DE-627 |e rda | ||
| 041 | |a eng | ||
| 082 | 0 | |a 299.934 |2 23 | |
| 100 | 1 | |8 1\p |e VerfasserIn |0 (DE-588)126501238 |0 (DE-627)38206965X |0 (DE-576)295775777 |4 aut |a Hodson, Geoffrey |d 1886-1983 | |
| 109 | |a Hodson, Geoffrey 1886-1983 |a Hodson, Geoffroy 1886-1983 | ||
| 192 | |a 1 | ||
| 245 | 1 | 4 | |a The brotherhood of angels and men |c Geoffrey Hodson ; foreword by Annie Besant |
| 264 | 1 | |a Wheaton |b Quest Books |c 2021 | |
| 300 | |a 1 volume |c 22 cm | ||
| 336 | |a Text |b txt |2 rdacontent | ||
| 337 | |a ohne Hilfsmittel zu benutzen |b n |2 rdamedia | ||
| 338 | |a Band |b nc |2 rdacarrier | ||
| 650 | 0 | |a Theosophy | |
| 650 | 0 | |a Angels | |
| 856 | 4 | 2 | |u https://www.gbv.de/dms/bowker/toc/9780835609517.pdf |v 2021-10-20 |x Aggregator |3 Inhaltsverzeichnis |7 1 |
| 883 | |8 1\p |a cgwrk |d 20241001 |q DE-101 |u https://d-nb.info/provenance/plan#cgwrk | ||
| 935 | |a mteo | ||
| 951 | |a BO | ||
| ELC | |b 1 | ||
| LOK | |0 000 xxxxxcx a22 zn 4500 | ||
| LOK | |0 001 3993897307 | ||
| LOK | |0 003 DE-627 | ||
| LOK | |0 004 1774692554 | ||
| LOK | |0 005 20211021124825 | ||
| LOK | |0 008 210830||||||||||||||||ger||||||| | ||
| LOK | |0 040 |a DE-Tue135 |c DE-627 |d DE-Tue135 | ||
| LOK | |0 092 |o n | ||
| LOK | |0 852 |a DE-Tue135 | ||
| LOK | |0 852 1 |9 00 | ||
| LOK | |0 935 |a ixbt | ||
| LOK | |0 939 |a 30-08-21 |b l01 | ||
| ORI | |a SA-MARC-ixtheoa001.raw | ||
| REL | |a 1 | ||
| SUB | |a REL | ||



